MARC

LEADER 00000nam0a2200000 4500
001 115554
005 20231101215252.0
035 |a (RuTPU)RU\TPU\book\124975 
090 |a 115554 
100 |a 20070510d1980 k y0rusy50 ca 
101 0 |a rus 
102 |a RU 
105 |a a z 001zy 
200 1 |a Особенности условий становления Эльджуртинского гранитного массива  |f Академия наук СССР, Институт геохимии и аналитической химии им. В. И. Вернадского 
210 |a Москва  |c Наука  |d 1980 
215 |a 120 с.  |c ил. 
320 |a Библиогр.: с. 112-118 
606 1 |a Граниты  |x Петрография  |2 stltpush  |3 (RuTPU)RU\TPU\subj\74061  |9 86639 
610 1 |a Эльджуртинский гранитный массив 
610 1 |a Тырныауз 
610 1 |a неоинтрузия 
610 1 |a петрохимия 
610 1 |a полевые шпаты 
610 1 |a расплавные микровключения 
610 1 |a флюидные микровключения 
610 1 |a минералы 
610 1 |a биоты 
610 1 |a щелочные элементы 
610 1 |a распределение 
675 |a 552.321  |v 4 
712 0 2 |a Академия наук СССР  |b Институт геохимии и аналитической химии им. В. И. Вернадского  |c (Москва)  |2 stltpush  |3 (RuTPU)RU\TPU\col\11383  |9 25078 
801 1 |a RU  |b 63413507  |c 20041123  |g PSBO 
801 2 |a RU  |b 63413507  |c 20210415  |g PSBO 
942 |c BK